[Event "SRB-chT 2nd League"]
[Site "Novi Sad"]
[Date "2023.11.07"]
[Round "8.1"]
[White "Farkas, Sandor I"]
[Black "Balla, Tamas Kristof"]
[Result "0-1"]
[WhiteElo "2082"]
[BlackElo "2285"]
[PlyCount "76"]
[EventDate "2023.11.02"]
[EventType "team-tourn"]
[EventRounds "11"]
[EventCountry "SRB"]
[SourceTitle "CB46_2023"]
[SourceDate "2023.11.15"]
[SourceVersion "1"]
[SourceVersionDate "2023.11.15"]
[SourceQuality "1"]
[WhiteTeam "Lajos Segi Bajsa"]
[BlackTeam "Senta"]
[WhiteTeamCountry "SRB"]
[BlackTeamCountry "SRB"]

1. d4 Nf6 2. Nf3 e6 3. Bf4 Be7 4. e3 Nh5 5. Bd3 d6 6. g4 Nxf4 7. exf4 c5 8. Nc3 cxd4 9. Nxd4 Nc6 10. Nb3 a6 11. Qd2 b5 12. h4 Bb7 13. Rh3 Qb6 14. h5 0-0-0 15. 0-0-0 d5 16. Bf1 Bb4 17. a3 Bd6 18. Kb1 Kb8 19. f5 Ne5 20. fxe6 fxe6 21. Nd4 Rhe8 22. g5 Nc4 23. Bxc4 dxc4 24. Qe1 Bc5 25. Nf3 Bxf2 26. Rxd8+ Rxd8 27. Qe5+ Qc7 28. Qe2 Bc5 29. Ne5 Bd4 30. Ng4 Qf4 31. h6 Qxg5 32. hxg7 Qxg7 33. Qh2+ Ka8 34. Rxh7 Qxg4 35. Qc7 Rb8 36. a4 Bxc3 37. bxc3 bxa4 38. Qa5 Qd1+ 0-1

[Event "EU-ch 23rd"]
[Site "Vrnjacka Banja"]
[Date "2023.03.08"]
[Round "6"]
[White "Farkas, Sandor I"]
[Black "Maltsevskaya, Aleksandra"]
[Result "0-1"]
[WhiteElo "2064"]
[BlackElo "2388"]
[PlyCount "74"]
[EventDate "2023.03.03"]
[EventType "swiss"]
[EventRounds "11"]
[EventCountry "SRB"]
[SourceTitle "CBM 213"]
[Source "ChessBase"]
[SourceDate "2023.04.30"]
[SourceVersion "1"]
[SourceVersionDate "2023.04.30"]
[SourceQuality "1"]

1. d4 d5 2. Nf3 c5 3. c3 Nc6 4. Bf4 Nf6 5. e3 g6 6. Bb5 Bg7 7. Ne5 Bd7 8. Nxd7 Nxd7 9. Nd2 0-0 10. 0-0 a6 11. Bxc6 bxc6 12. Nf3 a5 13. b3 a4 14. Rc1 axb3 15. axb3 Qb6 16. b4 cxb4 17. cxb4 Ra6 18. Rb1 Qb5 19. Qc2 Rc8 20. Rfc1 Ra4 21. Qc3 Nb6 22. Qc5 Bf8 23. Qxb5 cxb5 24. Rxc8 Nxc8 25. g4 Nb6 26. Ne5 e6 27. Nd3 Nc4 28. Nc5 Ra2 29. Nd7 Be7 30. Bg3 f6 31. h4 Kf7 32. Kg2 Nxe3+ 33. Kh3 Nc2 34. g5 fxg5 35. Ne5+ Kg7 36. Rb3 gxh4 37. Rf3 hxg3 0-1

[Event "SRB-ch sf"]
[Site "Paracin"]
[Date "2021.03.17"]
[Round "2"]
[White "Pajcin, Lav"]
[Black "Farkas, Sandor I"]
[Result "1-0"]
[WhiteElo "2167"]
[BlackElo "2041"]
[PlyCount "115"]
[EventDate "2021.03.16"]
[EventType "swiss"]
[EventRounds "9"]
[EventCountry "SRB"]
[SourceTitle "CBM 201 Extra"]
[Source "ChessBase"]
[SourceDate "2021.05.31"]
[SourceVersion "1"]
[SourceVersionDate "2021.05.31"]
[SourceQuality "1"]

1. e4 c5 2. Nf3 d6 3. Bb5+ Bd7 4. Bxd7+ Qxd7 5. c4 Nc6 6. Nc3 g6 7. d4 cxd4 8. Nxd4 Bg7 9. Be3 Nf6 10. f3 0-0 11. 0-0 a6 12. Qd3 Rab8 13. a4 e6 14. Rfd1 Rfd8 15. Nc2 Ne5 16. Qe2 Qc7 17. Na3 Rbc8 18. Rac1 Rd7 19. h3 Qd8 20. f4 Nc6 21. Qf2 Nb4 22. b3 d5 23. Bb6 Qe8 24. e5 Ne4 25. Nxe4 dxe4 26. Qe3 Nd3 27. Ra1 Bh6 28. Qxe4 Nxf4 29. Rd6 f5 30. Qf3 Rxd6 31. exd6 Qd7 32. Rd1 Rc6 33. c5 Rxb6 34. cxb6 Nd5 35. Rxd5 exd5 36. Qxd5+ Qf7 37. Qd3 Qe6 38. d7 Qe1+ 39. Kh2 Bf4+ 40. g3 Qf2+ 41. Kh1 Bg5 42. d8Q+ Bxd8 43. Qxd8+ Kg7 44. Qd3 Qxb6 45. Nc4 Qc6+ 46. Kg1 b5 47. axb5 axb5 48. Ne3 Qc5 49. Kg2 Qe5 50. Nd5 Qb2+ 51. Kf3 Qh2 52. Qd4+ Kg8 53. h4 Qh1+ 54. Kf4 Qg2 55. Qd3 Qf2+ 56. Ke5 Kf7 57. Qe3 Qa2 58. Kd6 1-0

[Event "Subotica-ch op"]
[Site "Subotica"]
[Date "2020.03.13"]
[Round "9"]
[White "Kosa, Jeno"]
[Black "Farkas, Sandor I"]
[Result "1/2-1/2"]
[WhiteElo "1990"]
[BlackElo "2035"]
[PlyCount "33"]
[EventDate "2020.02.24"]
[EventType "swiss"]
[EventRounds "9"]
[EventCountry "SRB"]
[SourceTitle "CBM 195 Extra"]
[Source "ChessBase"]
[SourceDate "2020.05.31"]
[SourceVersion "1"]
[SourceVersionDate "2020.05.31"]
[SourceQuality "1"]

1. e4 c5 2. c3 Nf6 3. e5 Nd5 4. Nf3 d6 5. d4 e6 6. Be2 cxd4 7. Qxd4 Nc6 8. Qe4 Be7 9. exd6 Qxd6 10. 0-0 0-0 11. Na3 Nf6 12. Qc2 a6 13. Nc4 Qc7 14. a4 b6 15. Bg5 Nd5 16. Bxe7 Qxe7 17. Rfe1 1/2-1/2

[Event "Subotica-ch op"]
[Site "Subotica"]
[Date "2020.03.06"]
[Round "6"]
[White "Jovanovic, Milan B"]
[Black "Farkas, Sandor I"]
[Result "1/2-1/2"]
[WhiteElo "2023"]
[BlackElo "2035"]
[PlyCount "66"]
[EventDate "2020.02.24"]
[EventType "swiss"]
[EventRounds "9"]
[EventCountry "SRB"]
[SourceTitle "CBM 195 Extra"]
[Source "ChessBase"]
[SourceDate "2020.05.31"]
[SourceVersion "1"]
[SourceVersionDate "2020.05.31"]
[SourceQuality "1"]

1. b3 e5 2. Bb2 Nc6 3. Nf3 d6 4. d4 e4 5. d5 exf3 6. dxc6 fxe2 7. Qxe2+ Qe7 8. Qxe7+ Nxe7 9. cxb7 Bxb7 10. Nc3 0-0-0 11. 0-0-0 h5 12. Rg1 Kb8 13. Bc4 f6 14. Nd5 Nxd5 15. Bxd5 Bxd5 16. Rxd5 c6 17. Rd3 Re8 18. Kd1 d5 19. Re1 Bc5 20. Rxe8+ Rxe8 21. Bd4 Bxd4 22. Rxd4 Kc7 23. Kd2 Kd6 24. Ra4 Re7 25. Rh4 g6 26. c4 Kc5 27. cxd5 cxd5 28. Rf4 Re6 29. f3 a5 30. h4 f5 31. Ra4 Kb5 32. Rd4 Kc5 33. Ra4 Kb5 1/2-1/2

[Event "Senta City-ch"]
[Site "Senta"]
[Date "2020.01.27"]
[Round "1"]
[White "Farkas, Sandor I"]
[Black "Barta, Aron"]
[Result "1-0"]
[WhiteElo "2035"]
[BlackElo "1542"]
[PlyCount "99"]
[EventDate "2020.01.27"]
[EventType "swiss"]
[EventRounds "9"]
[EventCountry "SRB"]
[SourceTitle "CBM 195 Extra"]
[Source "ChessBase"]
[SourceDate "2020.05.31"]
[SourceVersion "1"]
[SourceVersionDate "2020.05.31"]
[SourceQuality "1"]

1. c4 c5 2. g3 e5 3. Bg2 d6 4. Nc3 Nf6 5. e3 a6 6. Nge2 Be7 7. 0-0 0-0 8. d4 cxd4 9. exd4 Nbd7 10. b3 Rb8 11. a4 b6 12. Bb2 Bb7 13. Qc2 Bxg2 14. Kxg2 Re8 15. Rfd1 Qc7 16. Rd2 Qc6+ 17. d5 Qc8 18. f4 Ng4 19. Nd1 exf4 20. Nxf4 Bf6 21. Bxf6 Ndxf6 22. h3 Ne3+ 23. Nxe3 Rxe3 24. Re2 Qc5 25. Nd3 Qd4 26. Rxe3 Qxe3 27. Re1 Qd4 28. Nb4 Re8 29. Rxe8+ Nxe8 30. Nxa6 Nf6 31. Nb4 Ne4 32. Qe2 Qd2 33. Qxd2 Nxd2 34. Nc6 Nxb3 35. Ne7+ Kf8 36. Nc8 Nc5 37. Nxd6 Nxa4 38. Kf3 Nb2 39. Ke4 f6 40. Kd4 Na4 41. Nf5 g6 42. Nd6 Ke7 43. Ne4 h5 44. h4 f5 45. Ng5 Nc5 46. Nf3 Ne4 47. Ne5 g5 48. hxg5 Nxg5 49. Ng6+ Kd6 50. Nh4 1-0

[Event "Paracin Summer op-A 12th"]
[Site "Paracin"]
[Date "2019.07.06"]
[Round "3"]
[White "Banovic, Ivan"]
[Black "Farkas, Sandor I"]
[Result "1-0"]
[WhiteElo "2227"]
[BlackElo "2048"]
[PlyCount "53"]
[EventDate "2019.07.05"]
[EventType "swiss"]
[EventRounds "9"]
[EventCountry "SRB"]
[SourceTitle "EXT 2020"]
[Source "ChessBase"]
[SourceDate "2019.10.17"]
[SourceVersion "1"]
[SourceVersionDate "2019.10.17"]
[SourceQuality "1"]

1. d4 Nf6 2. c4 g6 3. Nc3 Bg7 4. e4 d6 5. Be2 0-0 6. Nf3 e5 7. 0-0 Nbd7 8. Re1 exd4 9. Nxd4 Nc5 10. f3 a5 11. Be3 c6 12. Qd2 Qe7 13. Bf1 Be6 14. Rad1 Ne8 15. b3 Qc7 16. Rc1 f5 17. Nxe6 Nxe6 18. exf5 Rxf5 19. f4 Nc5 20. g3 Nf6 21. Bd4 Re8 22. Bh3 Nfe4 23. Nxe4 Rxe4 24. Bxg7 Qxg7 25. Bxf5 Rd4 26. Re8+ Kf7 27. Qe3 1-0

[Event "Paracin Summer op-A 12th"]
[Site "Paracin"]
[Date "2019.07.06"]
[Round "2"]
[White "Farkas, Sandor I"]
[Black "Kecskemeti, Arpad"]
[Result "1/2-1/2"]
[WhiteElo "2048"]
[BlackElo "2230"]
[PlyCount "41"]
[EventDate "2019.07.05"]
[EventType "swiss"]
[EventRounds "9"]
[EventCountry "SRB"]
[SourceTitle "EXT 2020"]
[Source "ChessBase"]
[SourceDate "2019.10.17"]
[SourceVersion "1"]
[SourceVersionDate "2019.10.17"]
[SourceQuality "1"]

1. b3 Nf6 2. Bb2 e6 3. g3 d5 4. Bg2 c5 5. Nf3 Nc6 6. d4 Be7 7. 0-0 0-0 8. Nbd2 cxd4 9. Nxd4 Nxd4 10. Bxd4 Bd7 11. e4 dxe4 12. Nxe4 Nxe4 13. Bxe4 Bc6 14. Bxc6 bxc6 15. c4 Bf6 16. Bxf6 Qxf6 17. Qc2 Rfd8 18. Rad1 Rxd1 19. Rxd1 Rd8 20. Rxd8+ Qxd8 21. Kf1 1/2-1/2

[Event "Subotica City-ch"]
[Site "Subotica"]
[Date "2019.03.15"]
[Round "9"]
[White "Sirotanovic, Obrad"]
[Black "Farkas, Sandor I"]
[Result "1/2-1/2"]
[WhiteElo "2175"]
[BlackElo "2003"]
[PlyCount "36"]
[EventDate "2019.02.25"]
[EventType "swiss"]
[EventRounds "9"]
[EventCountry "SRB"]
[SourceTitle "CBM 189 Extra"]
[Source "ChessBase"]
[SourceDate "2019.06.03"]
[SourceVersion "1"]
[SourceVersionDate "2019.06.03"]
[SourceQuality "1"]

1. c4 g6 2. Nc3 Bg7 3. g3 c5 4. Bg2 Nc6 5. a3 a5 6. e4 e5 7. d3 d6 8. Nge2 Nge7 9. 0-0 0-0 10. Nd5 Nxd5 11. cxd5 Ne7 12. f4 f5 13. fxe5 Bxe5 14. Rb1 fxe4 15. dxe4 Bg4 16. Bf4 Nc8 17. Qd2 Nb6 18. Rbc1 Nd7 1/2-1/2

[Event "Senta op 22nd"]
[Site "Senta"]
[Date "2018.07.16"]
[Round "4"]
[White "Lorincz, Laszlo"]
[Black "Farkas, Sandor I"]
[Result "1/2-1/2"]
[WhiteElo "1804"]
[BlackElo "1998"]
[PlyCount "25"]
[EventDate "2018.07.14"]
[EventType "swiss"]
[EventRounds "9"]
[EventCountry "SRB"]
[SourceTitle "CBM 185 Extra"]
[Source "ChessBase"]
[SourceDate "2018.07.29"]
[SourceVersion "1"]
[SourceVersionDate "2018.07.29"]
[SourceQuality "1"]

1. d4 Nf6 2. Nf3 g6 3. e3 Bg7 4. b3 0-0 5. Bb2 d5 6. Be2 c5 7. 0-0 b6 8. dxc5 bxc5 9. c4 Bb7 10. cxd5 Nxd5 11. Bxg7 Kxg7 12. Qc2 Qa5 13. Nbd2 1/2-1/2

[Event "Paracin Summer op-A 11th"]
[Site "Paracin"]
[Date "2018.07.13"]
[Round "9"]
[White "Farkas, Sandor I"]
[Black "Stankovic, Milos M"]
[Result "0-1"]
[WhiteElo "1998"]
[BlackElo "2100"]
[PlyCount "104"]
[EventDate "2018.07.06"]
[EventType "swiss"]
[EventRounds "9"]
[EventCountry "SRB"]
[SourceTitle "EXT 2019"]
[Source "ChessBase"]
[SourceDate "2018.10.10"]
[SourceVersion "1"]
[SourceVersionDate "2018.10.10"]
[SourceQuality "1"]

1. c4 Nf6 2. g3 g6 3. Bg2 Bg7 4. Nc3 0-0 5. d3 d6 6. Rb1 a5 7. a3 e5 8. b4 axb4 9. axb4 Nc6 10. b5 Ne7 11. e4 c6 12. Nge2 d5 13. 0-0 Be6 14. exd5 cxd5 15. Bg5 h6 16. Bxf6 Bxf6 17. d4 dxc4 18. dxe5 Bxe5 19. Bxb7 Rb8 20. Bg2 Bf5 21. Be4 Qa5 22. Qc1 h5 23. Qe3 Bg7 24. Rfc1 Rfc8 25. Bxf5 Nxf5 26. Qf4 Bh6 27. Qe5 Re8 28. Qd5 Bxc1 29. Rxc1 Rbd8 30. Qxc4 Rc8 31. Qd3 Qa3 32. Rd1 Qa5 33. Qf3 Rcd8 34. Rb1 Qa3 35. Qf4 Nd4 36. Nxd4 Qxc3 37. Nf3 Qd3 38. Rb4 Ra8 39. Kg2 Ra1 40. Qc4 Qd1 41. Ng5 Qg1+ 42. Kh3 Qxf2 43. Qf4 Qa7 44. b6 Qd7+ 45. Kh4 Ra2 46. h3 Raa8 47. Rd4 Qe7 48. Re4 Qf8 49. Qc7 Rxe4+ 50. Nxe4 Ra4 51. b7 Rxe4+ 52. Kg5 Re8 0-1

[Event "Paracin Summer op-A 11th"]
[Site "Paracin"]
[Date "2018.07.06"]
[Round "1"]
[White "Farkas, Sandor I"]
[Black "Savanovic, Vuk"]
[Result "1/2-1/2"]
[WhiteElo "1998"]
[BlackElo "2294"]
[PlyCount "40"]
[EventDate "2018.07.06"]
[EventType "swiss"]
[EventRounds "9"]
[EventCountry "SRB"]
[SourceTitle "CBM 185 Extra"]
[Source "ChessBase"]
[SourceDate "2018.07.29"]
[SourceVersion "1"]
[SourceVersionDate "2018.07.29"]
[SourceQuality "1"]

1. e4 c5 2. Nf3 Nc6 3. d4 cxd4 4. Nxd4 g6 5. c4 Nf6 6. Nc3 d6 7. Be2 Bg7 8. Be3 0-0 9. 0-0 Bd7 10. Qd2 Nxd4 11. Bxd4 Bc6 12. f3 a5 13. b3 Nd7 14. Be3 Nc5 15. Rab1 Qb6 16. Rfc1 Rfc8 17. Nb5 Qd8 18. a4 h5 19. Bf1 b6 20. Kh1 Kh7 1/2-1/2

[Event "Veliko Gradiste Silver Lake op"]
[Site "Veliko Gradiste"]
[Date "2018.06.17"]
[Round "1"]
[White "Farkas, Sandor I"]
[Black "Krstulovic, Alex"]
[Result "1-0"]
[WhiteElo "1977"]
[BlackElo "2305"]
[PlyCount "70"]
[EventDate "2018.06.17"]
[EventType "swiss"]
[EventRounds "9"]
[EventCountry "SRB"]
[SourceTitle "CBM 185 Extra"]
[Source "ChessBase"]
[SourceDate "2018.07.29"]
[SourceVersion "1"]
[SourceVersionDate "2018.07.29"]
[SourceQuality "1"]

1. d4 d5 2. Bf4 Nf6 3. e3 c5 4. c3 Nc6 5. Nd2 Bf5 6. Be2 cxd4 7. exd4 e6 8. Qb3 Qc8 9. h3 Be7 10. Ngf3 0-0 11. 0-0 Nd7 12. a4 Bd8 13. Rfe1 Bc7 14. Bxc7 Qxc7 15. Bf1 h6 16. Re3 a6 17. Bd3 Bxd3 18. Rxd3 e5 19. Re3 e4 20. Nh2 Qd6 21. f3 exf3 22. Nhxf3 b5 23. axb5 axb5 24. Rxa8 Rxa8 25. Qxb5 Rb8 26. Qd3 Rxb2 27. Re8+ Nf8 28. Qa6 Rc2 29. Rc8 Rxc3 30. Ne5 Qb4 31. Nxc6 Rxc6 32. Qxc6 Qxd4+ 33. Kh1 Qxd2 34. Qd6 Qe1+ 35. Kh2 Qe6 1-0